LEADER 01046nam--2200385---450- 001 990003688540203316 005 20120917143057.0 010 $a978-88-13-31573-3 035 $a000368854 035 $aUSA01000368854 035 $a(ALEPH)000368854USA01 035 $a000368854 100 $a20120917d2012----km-y0itay50------ba 101 $aita 102 $aIT 105 $a||||||||001yy 200 1 $aDiritto penale commerciale$fAlessandro Traversi, Sara Gennai 205 $a2.ed. 210 $aPadova$cCEDAM$d2012 215 $aXII, 348 p.$d24 cm 410 0$12001 454 1$12001 461 1$1001-------$12001 606 0 $aSocietą commerciali$xDiritto penale$2BNCF 676 $a345.02 700 1$aTRAVERSI,$bAlessandro$0226139 701 1$aGENNAI,$bSara$0267154 801 0$aIT$bsalbc$gISBD 912 $a990003688540203316 951 $a345.02 TRA$b428 DISES 959 $aBK 969 $aDISES 979 $aMORRIELLO$b10$c20120917$lUSA01$h1430 996 $aDiritto penale commerciale$9718639 997 $aUNISA LEADER 01090nam0-2200325---450- 001 990008193520403321 005 20051012124434.0 010 $a88-15-10260-4 035 $a000819352 035 $aFED01000819352 035 $a(Aleph)000819352FED01 035 $a000819352 100 $a20050927d2004----km-y0itay50------ba 101 0 $aita 102 $aIT 200 1 $aGuida ai paesi dell' Europa centrale, orientale e balcanica$eannuario politico economico 2004$fa cura di Stefano Bianchini e Francesco Privitera 210 $aBologna$cIl Mulino$d©2004 215 $a390 p.$cill.$d24 cm 300 $aIn cop.: Speciale: L'Europa allargata e le sfide del nuovo vicinato 610 0 $aEuropa$aIntegrazione$aCooperazione$aDemocrazia 676 $a338.94$v21 702 1$aBianchini,$bStefano$f<1953- > 702 1$aPrivitera,$bFrancesco 801 0$aIT$bUNINA$gRICA$2UNIMARC 901 $aBK 912 $a990008193520403321 952 $aXIV F 216$b41863$fFSPBC 959 $aFSPBC 996 $aGuida ai paesi dell' Europa centrale, orientale e balcanica$9734519 997 $aUNINA